LDR 00852naa#a2200169#i#450# 001 RU\\bibl\94653 005 20260502075214.6 011 ## _a2312-7937 100 ## _a20241230b2024####ek#y0rusy0150####ca 102 ## _aRU 200 1# _aПОГРАНИЧНЫЕ ВОЙСКА НКВД СССР В ГОДЫ ВЕЛИКОЙ ОТЕЧЕСТВЕННОЙ ВОЙНЫ _eЖурнальная статья 210 1# _aДомодедово _cВсероссийский институт повышения квалификации сотрудников Министерства внутренних дел Российской Федерации _d2024 215 ## _a7 с. 608 ## _aЖурнальная статья _2local 675 ## _aПраво. Юридические науки. 34 _z 700 #1 _aНевский _gСергей Александрович 856 4# _avipkmvd.editorum.ru _u